000
00280nam a2200121Ia 4500
005
20251222140036.0
008
251222s1900||||xx |||||||||||||| ||spa||
020
_a
8474906784
082
_a
232.4/G51
100
_a
Giussani, Luigi
245
0
_a
El hombre y su destino:
942
_c
LIB
999
_c
3131
_d
3131